000 00720nam a2200229Ia 4500
001 15878
003 GE_BSU
008 181216s||||||||xx |||||||||||||| ||und||
040 _cGE_BSU
080 _a821.353.1-11
100 _aჭელიძე, ო.
245 _aრჩეული
245 _bლექსები და პოემები
245 _cრედ.ლ.ელოიზიშვილი. მხატვ.დ.ნოდია
260 _aთბილისი
260 _bსაბჭ. საქართველო
260 _c1960
300 _a282გვ. ; 21სმ
653 _aლექსები და პოემები
653 _aრჩეული
942 _cBK
999 _c48974
_d48974